000 00354nam a22001457a 4500
003 OSt
008 210223b ||||| |||| 00| 0 eng d
020 _a9788187057635
100 _aCARNEGIE, Dale
245 _aHow to Enjoy Your Life and Your Job
260 _aNew Delhi
_bSeekosity Books
300 _a208
650 _aGeneral Books
942 _2ddc
_cBK
999 _c10492
_d10492